000 03337nam a2200469 a 4500
001 000q0424
003 WSP
005 20260416153408.0
007 cr |nu|||unuuu
008 240315s2025 nju ob 001 0 eng d
010 _a 2023057790
040 _aWSPC
_beng
_cWSPC
020 _a9781800614383
_q(ebook)
020 _a1800614381
_q(ebook)
020 _z9781800614376
_q(hbk.)
020 _z1800614373
_q(hbk.)
042 _apcc
050 0 0 _aRC267
_b.M636
072 7 _aMAT
_x003000
_2bisacsh
072 7 _aSCI
_x008000
_2bisacsh
072 7 _aSCI
_x003000
_2bisacsh
082 0 0 _a616.99/40072
_223
049 _aMAIN
245 0 0 _aModelling and computational approaches for multi-scale phenomena in cancer research :
_bfrom cancer evolution to cancer treatment /
_ceditors, Raluca Eftimie, Dumitru Trucu.
260 _aNew Jersey :
_bWorld Scientific Publishing,
_c©2025.
300 _a1 online resource (312 p.)
504 _aIncludes bibliographical references and index.
505 0 _aIntroduction: brief review of multiscale aspects in cancer -- Using Mathematical Models to Predict Glioblastoma Growth -- Multi-scale aspects of immune responses to solid cancers -- Modeling and Computational Approaches for Multiscale Phenomena in Cancer Research -- Modeling cell migration in cancer spread as a response to multi-cue heterogeneous environments -- Multiscale mathematical modelling and simulations of chemo-viro-therapies for cancer -- Spatio-Temporal-Structural Approaches in Cancer -- Malignant transformation of Low Grade Astrocytomas through a Mechano-Biological -- Brain tumour Evolution Backwards in Time via Reaction-Diffusion Models -- Epilogue.
520 _a"Cancer development and progression is the result of biological phenomena that occur across multiple temporal and spatial scales. Recent years have seen a flurry of multi-scale mathematical models developed to generate and test new biological hypotheses related to cancer development, progression, and various treatment approaches. This led to the development of new computational and analytical approaches aimed at investigating these multiscale models. This review volume summarises some of the current state of the art related to the modelling, experimental investigation and data assimilation for multiscale phenomena during cancer development, evolution and treatment, as well as computational and analytical investigation of the multi-scale models developed to reproduce the biological phenomena. The book also identifies the experimental and theoretical open problems that will have to be addressed in the near future in order to advance this field. Modelling and Computational Approaches for Multi-scale Phenomena in Cancer Research is an excellent resource for both early career and advanced researchers"--
_cPublisher's website.
538 _aMode of access: World Wide Web.
538 _aSystem requirements: Adobe Acrobat reader.
650 0 _aCancer
_xResearch.
650 0 _aCancer
_xMathematical models.
650 0 _aCancer
_xComputer simulation.
650 0 _aMultiscale modeling.
650 0 _aBiological models.
655 0 _aElectronic books.
700 1 _aEftimie, Raluca.
700 1 _aTrucu, Dumitru.
856 4 0 _uhttps://www.worldscientific.com/worldscibooks/10.1142/q0424#t=toc
942 _cE-BOOK
999 _c49728
_d49728